[Event "Tanta op 6th"]
[Site "Tanta"]
[Date "2003.12.11"]
[Round "5"]
[White "Eldesoky, Hatem"]
[Black "Hassan, Tarek Ahmed"]
[Result "1-0"]
[WhiteElo "2269"]
[BlackElo "2278"]
[PlyCount "75"]
[EventDate "2003.12.07"]
[EventType "swiss"]
[EventRounds "9"]
[EventCountry "EGY"]
[SourceTitle "CBM 097 Extra"]
[Source "ChessBase"]
[SourceDate "2004.01.13"]
[SourceVersion "1"]
[SourceVersionDate "2004.01.13"]
[SourceQuality "1"]

1. e4 c5 2. Nf3 e6 3. d4 cxd4 4. Nxd4 Nf6 5. Nc3 d6 6. Bg5 Be7 7. f4 h6 8. Bxf6 Bxf6 9. Ndb5 Be7 10. Qd2 a6 11. Nd4 b5 12. 0-0-0 Bb7 13. Bd3 Nd7 14. Kb1 Qb6 15. Nf3 Nc5 16. Qe3 b4 17. Ne2 a5 18. e5 b3 19. cxb3 a4 20. Nfd4 0-0 21. Bc2 dxe5 22. fxe5 Bg5 23. Nf4 Rfb8 24. Rhf1 Ba6 25. Rf3 axb3 26. Nxb3 Bc4 27. Qxc5 Bxb3 28. Qxb6 Bxa2+ 29. Kc1 Rxb6 30. g3 Rab8 31. Ra3 Rxb2 32. Rd2 Kf8 33. Ra7 Bb1 34. Ba4 R2b4 35. Rdd7 Bxf4+ 36. gxf4 Rxf4 37. Rab7 Rxb7 38. Rd8+ 1-0

[Event "Tanta op 6th"]
[Site "Tanta"]
[Date "2003.12.10"]
[Round "4"]
[White "Abdel Razik, Khaled"]
[Black "Hassan, Tarek Ahmed"]
[Result "1-0"]
[WhiteElo "2380"]
[BlackElo "2278"]
[PlyCount "85"]
[EventDate "2003.12.07"]
[EventType "swiss"]
[EventRounds "9"]
[EventCountry "EGY"]
[SourceTitle "CBM 097 Extra"]
[Source "ChessBase"]
[SourceDate "2004.01.13"]
[SourceVersion "1"]
[SourceVersionDate "2004.01.13"]
[SourceQuality "1"]

1. d4 Nf6 2. c4 g6 3. Nc3 Bg7 4. e4 d6 5. f4 0-0 6. Nf3 c5 7. d5 e6 8. Be2 exd5 9. exd5 Bg4 10. 0-0 Nbd7 11. Bd3 Re8 12. Bd2 a6 13. Qc2 Bxf3 14. Rxf3 Qc7 15. a4 b6 16. h3 Re7 17. Raf1 Rae8 18. g4 h6 19. g5 hxg5 20. fxg5 Nh7 21. Rxf7 Rxf7 22. Rxf7 Kxf7 23. Bxg6+ Kg8 24. Bxe8 Ne5 25. Bg6 Nxg5 26. Bxg5 Nf3+ 27. Kf1 Nxg5 28. Qf5 Qe7 29. h4 Nf7 30. Bxf7+ Qxf7 31. Qxf7+ Kxf7 32. Ne4 Bf8 33. Kf2 Kg6 34. Kf3 Kf5 35. h5 Ke5 36. Ng5 Kf5 37. Ne6 Bh6 38. Nc7 Kg5 39. Ke4 Kxh5 40. Kf5 Bc1 41. b3 a5 42. Ne8 b5 43. axb5 1-0

[Event "Golden Cleopatra op 7th"]
[Site "Cairo"]
[Date "2003.06.04"]
[Round "4"]
[White "Hassan, Tarek Ahmed"]
[Black "Belezky, Alexander"]
[Result "0-1"]
[WhiteElo "2260"]
[BlackElo "2403"]
[PlyCount "120"]
[EventDate "2003.06.03"]
[EventType "swiss"]
[EventRounds "10"]
[EventCountry "EGY"]
[SourceTitle "CBM 094 Extra"]
[Source "ChessBase"]
[SourceDate "2003.07.09"]
[SourceVersion "2"]
[SourceVersionDate "2003.07.09"]
[SourceQuality "1"]

1. d4 Nf6 2. c4 e6 3. Nf3 Bb4+ 4. Bd2 Qe7 5. g3 0-0 6. Bg2 Bxd2+ 7. Nbxd2 d6 8. e4 e5 9. d5 a5 10. 0-0 Na6 11. a3 Nc5 12. Qc2 a4 13. Ne1 Bg4 14. f3 Bd7 15. Nd3 Nxd3 16. Qxd3 Ne8 17. f4 exf4 18. Rxf4 Nf6 19. h3 Bc8 20. c5 dxc5 21. Qc3 Re8 22. Raf1 b5 23. d6 Qe5 24. Qxe5 Rxe5 25. Nf3 cxd6 26. Nxe5 dxe5 27. R4f2 Be6 28. Rd2 Kf8 29. Rc1 c4 30. Rd6 Rb8 31. Kf2 Bxh3 32. Rxf6 Bxg2 33. Rf5 Bxe4 34. Rxe5 Bd3 35. Rce1 g6 36. g4 b4 37. axb4 Rxb4 38. Ra5 Rxb2+ 39. Kf3 Rb4 40. g5 Kg7 41. Re8 h6 42. gxh6+ Kxh6 43. Rc8 Bc2 44. Rc7 f5 45. Kf4 Bb3 46. Ke5 Rb6 47. Kf4 Re6 48. Raa7 Re4+ 49. Kg3 Kg5 50. Ra6 Rd4 51. Kf3 Rh4 52. Rcc6 Rh6 53. Ra5 c3 54. Kg3 c2 55. Raa6 f4+ 56. Kf2 Kf5 57. Ra5+ Ke4 58. Ra7 Rh2+ 59. Kg1 Rd2 60. Re7+ Kd5 0-1

[Event "Tanta op 3rd"]
[Site "Tanta"]
[Date "2000.05.07"]
[Round "5"]
[White "El Taher, Fouad"]
[Black "Hassan, Tarek Ahmed"]
[Result "1-0"]
[WhiteElo "2471"]
[BlackElo "2259"]
[PlyCount "87"]
[EventDate "2000.05.03"]
[EventType "swiss"]
[EventRounds "9"]
[EventCountry "EGY"]
[SourceTitle "CBM 076 Extra"]
[Source "ChessBase"]
[SourceDate "2000.07.11"]
[SourceVersion "1"]
[SourceVersionDate "2000.07.11"]
[SourceQuality "1"]

1. e4 c6 2. d4 d5 3. Nd2 dxe4 4. Nxe4 Nd7 5. Ng5 Ngf6 6. Bd3 e6 7. N1f3 Bd6 8. Qe2 h6 9. Ne4 Nxe4 10. Qxe4 Nf6 11. Qe2 c5 12. Be3 Qc7 13. Bb5+ Bd7 14. 0-0-0 0-0-0 15. dxc5 Bxc5 16. Bxc5 Qxc5 17. Bxd7+ Rxd7 18. Ne5 Rc7 19. Kb1 Kb8 20. c4 Rhc8 21. Rhe1 a6 22. a3 Ka7 23. Ka2 Ka8 24. Rd2 Qe7 25. Red1 Qc5 26. f4 h5 27. Rd4 g6 28. g3 Qe7 29. h3 Qc5 30. g4 hxg4 31. hxg4 Qe7 32. g5 Nh5 33. Nd7 Rc6 34. Ne5 R6c7 35. Rd7 Qc5 36. b4 Nxf4 37. Qe4 Qf2+ 38. R1d2 Qg3 39. Rxc7 Rxc7 40. Rd8+ Ka7 41. Qd4+ b6 42. Nc6+ Kb7 43. Rb8+ Kxc6 44. Rxb6# 1-0

[Event "Eger op"]
[Site "Eger"]
[Date "1992.??.??"]
[Round "?"]
[White "Biro, Sandor"]
[Black "Hassan, Tarek Ahmed"]
[Result "1-0"]
[WhiteElo "2335"]
[BlackElo "2260"]
[PlyCount "75"]
[EventDate "1992.??.??"]
[EventType "swiss"]
[EventRounds "9"]
[EventCountry "HUN"]
[SourceTitle "EXT 1997"]
[Source "ChessBase"]
[SourceDate "1996.11.15"]
[SourceVersion "1"]
[SourceVersionDate "1996.11.15"]
[SourceQuality "1"]

1. e4 c5 2. Nf3 Nc6 3. c3 d5 4. exd5 Qxd5 5. d4 Bg4 6. Be2 Nf6 7. Be3 cxd4 8. cxd4 e6 9. Nc3 Qa5 10. 0-0 Be7 11. h3 Bh5 12. a3 0-0 13. Qd2 Rfd8 14. b4 Qc7 15. Rac1 Qd7 16. Rfd1 Rac8 17. Qa2 Nd5 18. Nxd5 exd5 19. b5 Na5 20. Ne5 Rxc1 21. Rxc1 Qf5 22. g4 Qe6 23. gxh5 Qxh3 24. Bg4 Qh4 25. Kg2 Nc4 26. Rxc4 dxc4 27. Qxc4 Rf8 28. Bf3 Bxa3 29. Qa4 Qe7 30. Qxa7 Bd6 31. Qxb7 Qh4 32. Nc4 Qe4 33. Bxe4 Bb8 34. Bc6 f5 35. f4 g5 36. hxg6 hxg6 37. d5 g5 38. d6 1-0